<?xml version="1.0" encoding="UTF-8"?>
<record
    xmlns:xsi="http://www.w3.org/2001/XMLSchema-instance"
    xsi:schemaLocation="http://www.loc.gov/MARC21/slim http://www.loc.gov/standards/marcxml/schema/MARC21slim.xsd"
    xmlns="http://www.loc.gov/MARC21/slim">

  <leader>03807nam a2200325 i 4500</leader>
  <controlfield tag="003">DO-SdBNP</controlfield>
  <controlfield tag="005">20230628121146.0</controlfield>
  <controlfield tag="006">a||||gr|||| 00| 0 </controlfield>
  <controlfield tag="007">ta</controlfield>
  <controlfield tag="008">230623q194?    dr ||||| |||| 00| 0 spa d</controlfield>
  <datafield tag="040" ind1=" " ind2=" ">
    <subfield code="a">DO-SdBNP</subfield>
    <subfield code="b">spa</subfield>
    <subfield code="c">BNPHU</subfield>
    <subfield code="e">rda</subfield>
  </datafield>
  <datafield tag="082" ind1=" " ind2="4">
    <subfield code="2">22</subfield>
    <subfield code="a">A634p</subfield>
  </datafield>
  <datafield tag="245" ind1="0" ind2="0">
    <subfield code="a">Antolog&#xED;a po&#xE9;tica trujillista. /</subfield>
    <subfield code="c">Enrique Aguiar,... [y otros];  selecci&#xF3;n, compilaci&#xF3;n y pr&#xF3;logo de H. B. de Castro Noboa.</subfield>
  </datafield>
  <datafield tag="264" ind1=" " ind2=" ">
    <subfield code="a">Santiago, Rep&#xFA;blica Dominicana :</subfield>
    <subfield code="b">El Diario,</subfield>
    <subfield code="c">[1940?]</subfield>
  </datafield>
  <datafield tag="300" ind1=" " ind2=" ">
    <subfield code="a">[xvi], 144 p&#xE1;ginas ;</subfield>
    <subfield code="c">21 cm</subfield>
  </datafield>
  <datafield tag="336" ind1=" " ind2=" ">
    <subfield code="2">rdaconten</subfield>
    <subfield code="a">texto</subfield>
    <subfield code="b">txt</subfield>
  </datafield>
  <datafield tag="337" ind1=" " ind2=" ">
    <subfield code="2">rdamedia</subfield>
    <subfield code="a">sin  medici&#xF3;n</subfield>
    <subfield code="b">n</subfield>
  </datafield>
  <datafield tag="338" ind1=" " ind2=" ">
    <subfield code="2">rdacarrier</subfield>
    <subfield code="a">volumen</subfield>
    <subfield code="b">nc</subfield>
  </datafield>
  <datafield tag="505" ind1=" " ind2=" ">
    <subfield code="a">Pr&#xF3;logo.</subfield>
    <subfield code="r">AGUIAR, Enrique. /</subfield>
    <subfield code="t">Gesta de Pr&#xF3;cer.--</subfield>
    <subfield code="r">ALFONSECA, Iv&#xE1;n. /</subfield>
    <subfield code="t">Trujillo.--</subfield>
    <subfield code="r">ALVAREZ Almanzar, F. /</subfield>
    <subfield code="t">Trujillo siempre.-- Canto a la Paz y al Trbajo.--</subfield>
    <subfield code="r">BASORA, Porfirio. /</subfield>
    <subfield code="t">Benefactor.--</subfield>
    <subfield code="r">CASTRO NOBOA, H. B. de. /</subfield>
    <subfield code="t">Trujillo.-- La Apoteosis del Libertador.-- La Nueva Ascensi&#xF3;n.--</subfield>
    <subfield code="r">CONCEPCION, J. Agust&#xED;n. /</subfield>
    <subfield code="t">Vida Ejemplar.-- Mango Pr&#xF3;cer.--</subfield>
    <subfield code="r">CORDERO GONZALEZ, Adriano. /</subfield>
    <subfield code="t">Salutaci&#xF3;n al General&#xED;simo.--</subfield>
    <subfield code="r">DIAZ ORDO&#xD1;EZ, Virgilio. /</subfield>
    <subfield code="t">Canto a la Paz y al Trabajo.--</subfield>
  </datafield>
  <datafield tag="505" ind1=" " ind2=" ">
    <subfield code="r">DUCOUDRAY, J. Humberto. /</subfield>
    <subfield code="t">Semblanza de Trujillo.--</subfield>
    <subfield code="r">GARCIA GODOY, Emilio./</subfield>
    <subfield code="t">Pasas.--</subfield>
    <subfield code="r">GARRIDO, V&#xED;ctor. /</subfield>
    <subfield code="t">Trujillo.--</subfield>
    <subfield code="r">GIRO, Valent&#xED;n. /</subfield>
    <subfield code="t">Sinfon&#xED;a Heroica.-- Trujillo, el Benefactor.--</subfield>
    <subfield code="r">GOMEZ, Antonio Da Costa. /</subfield>
    <subfield code="t">H&#xE9;roe.--</subfield>
    <subfield code="r">GOICO ALIX, Juan. /</subfield>
    <subfield code="t">Espada, Libertad y Gloria.--</subfield>
    <subfield code="r">GONZALEZ HERRERA, Julio./</subfield>
    <subfield code="t">El jefe.--</subfield>
    <subfield code="t">GUZMAN, F. Benjam&#xED;n. /</subfield>
    <subfield code="t">Los Arboles de l Raza.-- Bronce de H&#xE9;roe.--</subfield>
    <subfield code="r">GUZMAN CARRETERO, Octavio. /</subfield>
    <subfield code="t">Canto a la Paz y al Trabajo.--</subfield>
    <subfield code="r">ENRIQUEZ, Gustavo Julio. /</subfield>
    <subfield code="t">Trujillo y el Faro de Col&#xF3;n.--</subfield>
    <subfield code="t">ENRIQUEZ, Homero. /</subfield>
    <subfield code="t">Mensaje al General&#xED;simo.--</subfield>
    <subfield code="r">HOEPELMAN, Virgilio. /</subfield>
    <subfield code="t">La tr&#xED;ada Inmortal.--</subfield>
    <subfield code="r">HUNGRIA LOVELACE, L. A.</subfield>
    <subfield code="t">Blas&#xF3;n.--</subfield>
  </datafield>
  <datafield tag="505" ind1=" " ind2=" ">
    <subfield code="r">JIMENEZ, R. Emilio. /</subfield>
    <subfield code="t">La Obra de Trujillo.-- El General&#xED;simo y San Crist&#xF3;bal.-- La Magna Recepci&#xF3;n del Benefactor de la Patria en el crucero "Philadelphia".-- A los ni&#xF1;os de la Frontera.--</subfield>
    <subfield code="r">JIMENEZ R., Jos&#xE9; Mar&#xED;a. /</subfield>
    <subfield code="t">El Retorno del H&#xE9;roe.--</subfield>
    <subfield code="r">LAMARCHE, J. B. /</subfield>
    <subfield code="t">Trujillo al natural.-- La Patria y el H&#xE9;roe.-- La Apoteosis del H&#xE9;roe.-- "&#xA1;Y seguir&#xE9; a Caballo!'.-- La escultura simb&#xF3;lica, El General&#xED;simo.--</subfield>
    <subfield code="r">LORA, M. Armando. /</subfield>
    <subfield code="t">La Fuerza de Trujillo.--</subfield>
    <subfield code="r">MEJIA, J. Tom&#xE1;s.--</subfield>
    <subfield code="t">La Epopeya del Puerto.--</subfield>
    <subfield code="r">MEJIA, Francisco R. /</subfield>
    <subfield code="t">Invicto Palad&#xED;n.--</subfield>
    <subfield code="r">MEYRELES SOLER, Rafael.--</subfield>
    <subfield code="t">24 de Octubre.--</subfield>
    <subfield code="r">MORERA, Jos&#xE9;. /</subfield>
    <subfield code="t">Trujillo.-- Puerto de Ciudad Trujillo.-- </subfield>
    <subfield code="r">OSCAR, Armando. /</subfield>
    <subfield code="t">M&#xE1;rmol y Bronce.-- Resurrecci&#xF3;n.-- General&#xED;simo Rafael L. Trujillo Molina.--</subfield>
    <subfield code="r">PATIN MAEO, M. A. /</subfield>
    <subfield code="t">El Obelisco.--</subfield>
    <subfield code="r">PERREYRA hijo, Francisco. /</subfield>
    <subfield code="t">Rafael Leonidas Trujillo Molina.--</subfield>
    <subfield code="r">PEREX ALFONSECA, R. /</subfield>
    <subfield code="t">Los Diez Mil de Trujillo.--</subfield>
    <subfield code="t">REYES, Juan de Jes&#xFA;s. /</subfield>
    <subfield code="r">El General&#xED;simo.--</subfield>
    <subfield code="r">SANABIA, Rafael Emilio. /</subfield>
    <subfield code="t">El Sembrador de paz.-- El Camino del H&#xE9;roe.-- La Marcha de la Victoria.--</subfield>
    <subfield code="r">SANABIA, Pedro Pablo. /</subfield>
    <subfield code="t">Rafael Leonidas Trujillo Molina.--</subfield>
    <subfield code="r">SEVEZ fils, Francois. /</subfield>
    <subfield code="t">Al Obelico de Ciudad Trujillo.--</subfield>
    <subfield code="r">SOSA, Le&#xF3;n F. /</subfield>
    <subfield code="t">Trujillo.--</subfield>
    <subfield code="r">SORIANO, M. Germ&#xE1;n. /</subfield>
    <subfield code="t">Trujillo en Culebra.-- La Estrella del General&#xED;simo en el Baluarte.--</subfield>
    <subfield code="r">SUNCAR CHEVALIER, Manuel E. /</subfield>
    <subfield code="t">Bronce Inmortal.-- Sinfon&#xED;a del Nuevo Amanecer.--</subfield>
    <subfield code="r">SURO, Rub&#xE9;n. /</subfield>
    <subfield code="t">Trujillo.--</subfield>
    <subfield code="r">URIB, Max. /</subfield>
    <subfield code="t">Benefactor.</subfield>
  </datafield>
  <datafield tag="590" ind1=" " ind2=" ">
    <subfield code="a">Inventariado 2023 / MF</subfield>
  </datafield>
  <datafield tag="700" ind1="1" ind2=" ">
    <subfield code="9">23957</subfield>
    <subfield code="a">Aguiar, Enrique,</subfield>
    <subfield code="d">1939-</subfield>
    <subfield code="t">Gesta de Pr&#xF3;cer.</subfield>
  </datafield>
  <datafield tag="700" ind1="1" ind2=" ">
    <subfield code="9">23962</subfield>
    <subfield code="a">Alfonseca, Ivan,</subfield>
    <subfield code="d">1912-</subfield>
    <subfield code="t">Trujillo.</subfield>
  </datafield>
  <datafield tag="700" ind1="1" ind2=" ">
    <subfield code="9">59012</subfield>
    <subfield code="a">&#xC1;lvarez Almanzar, F.,</subfield>
    <subfield code="t">Trujillo Siempre. Canto a la Paz y al Trabajo.</subfield>
  </datafield>
  <datafield tag="700" ind1="1" ind2=" ">
    <subfield code="a">Basora, Porfirio,</subfield>
    <subfield code="t">Benefactor.</subfield>
    <subfield code="9">83627</subfield>
  </datafield>
  <datafield tag="700" ind1="1" ind2=" ">
    <subfield code="9">58947</subfield>
    <subfield code="a">Castro Noboa, H. B. de,</subfield>
    <subfield code="d">1911-</subfield>
    <subfield code="t">Trujillo. La Aposteosis del Libertador....</subfield>
  </datafield>
  <datafield tag="700" ind1="1" ind2=" ">
    <subfield code="9">58947</subfield>
    <subfield code="a">Castro Noboa, H. B. de,</subfield>
    <subfield code="d">1911- ?</subfield>
    <subfield code="e">selecci&#xF3;n, compilaci&#xF3;n y pr&#xF3;logo</subfield>
  </datafield>
  <datafield tag="942" ind1=" " ind2=" ">
    <subfield code="2">ddc</subfield>
    <subfield code="c">LBS1</subfield>
  </datafield>
  <datafield tag="952" ind1=" " ind2=" ">
    <subfield code="0">0</subfield>
    <subfield code="1">0</subfield>
    <subfield code="2">ddc</subfield>
    <subfield code="5">1</subfield>
    <subfield code="7">0</subfield>
    <subfield code="8">PD-RV</subfield>
    <subfield code="a">BNPHU</subfield>
    <subfield code="b">BNPHU</subfield>
    <subfield code="d">2023-06-23</subfield>
    <subfield code="o">A634p</subfield>
    <subfield code="p">2023-2723</subfield>
    <subfield code="r">2023-06-23</subfield>
    <subfield code="w">2023-06-23</subfield>
    <subfield code="y">LBS1</subfield>
  </datafield>
  <datafield tag="999" ind1=" " ind2=" ">
    <subfield code="c">53928</subfield>
    <subfield code="d">53928</subfield>
  </datafield>
</record>
